| 000 | 00452aam a2200169 4500 | ||
|---|---|---|---|
| 005 | 20161121121859.0 | ||
| 008 | 150226b xxu||||| |||| 00| 0 eng d | ||
| 041 | _aSPA | ||
| 082 | _a398.207.286 J61c | ||
| 100 |
_aJiménez Fajardo, Rafael Angel _912894 |
||
| 245 | _aCriolladas: chismes y cuentos de mi pueblo | ||
| 260 |
_aCosta Rica _bLIL _c2004 |
||
| 300 | _a116 páginas | ||
| 650 |
_aCOSTA RICA _933100 |
||
| 650 |
_aFOLCLOR _97787 |
||
| 942 | _cBK | ||
| 999 |
_c3396 _d3396 |
||